|
|
|
|
| LEADER |
00000nam a2200000 a 4500 |
| 001 |
vtls001097677 |
| 003 |
SK-MaSNL |
| 005 |
20260301055511.0 |
| 008 |
180815s1981 xo bo 00000 slo |
| 015 |
|
|
|a SNBA1982/04
|
| 020 |
|
|
|c (brož.)
|
| 035 |
|
|
|a SNK000040519
|
| 040 |
|
|
|a SNK
|b slo
|c SNK
|e AACR2
|
| 041 |
0 |
|
|a slo
|
| 043 |
|
|
|a e-xo---
|
| 044 |
|
|
|a xo
|c SK
|
| 072 |
|
7 |
|a 502
|x Životné prostredie a jeho ochrana
|2 konspekt
|
| 080 |
|
|
|a 502.21(1-751.2)
|2 2001
|
| 080 |
|
|
|a 502.21(1-751.4)
|2 2001
|
| 080 |
|
|
|a (084.11)
|2 2001
|
| 080 |
|
|
|a (437.6)
|2 2001
|
| 245 |
0 |
0 |
|a Veľkoplošné chránené územia na Slovensku ;[zostavovateľ textovej časti: Ľubomír Huňa, zostavovateľ obrazovej časti: Radek Roubal ; fotografie: Pavol Argaláš ... [et al.]]
|
| 250 |
|
|
|a 1. vyd.
|
| 260 |
|
|
|a Bratislava
|b Obzor
|c 1981
|
| 300 |
|
|
|a 45 s.
|b fareb. fotogr., mp.
|c 22 cm
|e voľ. mp.
|
| 366 |
|
|
|e 20000 výt.
|
| 500 |
|
|
|a Vyd. pre Slovenský ústav pamiatkovej starostlivosti a ochrany prírody
|
| 650 |
0 |
7 |
|a veľkoplošné chránené územia
|2 SNKPH
|9 104939
|
| 650 |
0 |
7 |
|a chránené krajinné oblasti
|2 SNKPH
|9 3798
|
| 655 |
|
7 |
|a obrazové publikácie
|2 SNKPH
|9 70343
|
| 700 |
1 |
|
|a Huňa, Ľubomír,
|d 1930-1998
|4 com
|9 39002
|
| 700 |
1 |
|
|a Roubal, Radek,
|d 1920-1989
|4 com
|9 94550
|
| 700 |
1 |
|
|a Argaláš, Pavol
|4 pht
|9 369214
|
| 958 |
|
|
|a OND
|
| 999 |
|
|
|c 613495
|d 615425
|
| 952 |
|
|
|a SNK
|b SNK
|y VYP
|7 0
|p 17A0536387
|o snkSC 55028 D1
|i snkKSP 2576/82
|0 0
|1 0
|4 0
|d 2007-01-23
|l 0
|r 2026-02-23 16:30:21
|w 2026-02-23
|